Discursos y representaciones de masculinidad entre varones de clase media del Perú /
Este trabajo presenta los resultados de una investigación sobre los discursos y representaciones de masculinidad, caracterizas de la cultura peruana de clase media
Guardat en:
| Autor principal: | |
|---|---|
| Format: | Text |
| Matèries: | |
| Etiquetes: |
Afegir etiqueta
Sense etiquetes, Sigues el primer a etiquetar aquest registre!
|
MARC
| LEADER | 00000 a a2200000 04500 | ||
|---|---|---|---|
| 001 | 7372 | ||
| 003 | |||
| 040 | |||
| 100 | |a Fuller, Norma | ||
| 245 | |a Discursos y representaciones de masculinidad entre varones de clase media del Perú / |c Norma Fuller | ||
| 520 | |a Este trabajo presenta los resultados de una investigación sobre los discursos y representaciones de masculinidad, caracterizas de la cultura peruana de clase media | ||
| 650 | |a REPRESENTACION SOCIAL | ||
| 650 | |a DISCURSOS | ||
| 650 | |a MASCULINIDAD | ||
| 650 | |a MEDIOS DE COMUNICACION | ||
| 650 | |a PERU | ||
| 773 | |g volumen 7, número 1; páginas 61-78 | ||
| 999 | |c 27149 |d 27149 | ||
